Ben Plas quiz - Statistics

General Stats
  • This quiz has been taken 5 times
  • The average score is 2 of 6
Answer Stats
Hint Answer % Correct
what languge does Ben speak english
100%
What city is Ben from Akron
33%
What is Ben Plas favorite color penis
33%
other language diddish
0%
Ben favorite food Grayson
0%
Second favorite food Jeremiah
0%
No matching quizzes found
Score Distribution
Percent of People with Each Score
Percentile by Number Answered
Your Score History
You have not taken this quiz